| 000 | 01388nam a2200409Ia 4500 | ||
|---|---|---|---|
| 001 | dia_2984 | ||
| 003 | CHAP | ||
| 005 | 20230412105815.0 | ||
| 008 | 220117s1981 xx 000 0 und d | ||
| 010 | _a173488 | ||
| 020 | _a968-24-1110-6 | ||
| 040 | _cCHAP | ||
| 082 | _a664.902 P35 1981 | ||
| 100 |
_aPaltrinieri, Gaetano _985035 |
||
| 245 |
_aObtención de carne / _c Gaetano Paltrinieri ; colaboración Marco R. Meyer, F. R. Kirchner Salinas y M. T. Atilano Díaz |
||
| 260 |
_aMéxico : _b SEP :, _b Trillas, _c1981 |
||
| 300 | _a96 p. | ||
| 400 | _aMANUALES PARA EDUCACION AGROPECUARIA, 28 | ||
| 440 |
_aManuales para Educación Agropecuaria. Área Industrias rurales ; 28 _9143960 |
||
| 503 | _aC/e | ||
| 590 | _aSF201 P35 1981 | ||
| 650 |
_aButchering _9152757 |
||
| 650 |
_aCortes de carne _9145601 |
||
| 650 |
_aCriando (animales) _9144277 |
||
| 650 |
_aIndustria del ganado y de la carne _9147937 |
||
| 650 |
_aLivestock and meat industry _9147938 |
||
| 650 |
_aMatanza _9152758 |
||
| 650 |
_aMeat cuts _9152759 |
||
| 650 |
_aRearing _9152760 |
||
| 700 |
_aAtilano Díaz, M. T., colab. _9152470 |
||
| 700 | _aKirchner Salinas, F. R., colab. | ||
| 700 |
_aMeyer, Marco R., colab. _9140320 |
||
| 901 | _a664.902 P35 1981 | ||
| 902 | _aM | ||
| 905 | _a5232271981 mx ae 8222223322spa16 | ||
| 942 |
_cLIBRO _2ddc |
||
| 999 |
_c173488 _d173488 |
||